| 000 | 00345nam a2200145Ia 4500 | ||
|---|---|---|---|
| 005 | 20251222175919.0 | ||
| 008 | 251222s9999||||xx |||||||||||||| ||spa|| | ||
| 020 | _a9786071502971 | ||
| 082 | _a657.42/T75 | ||
| 100 | _aTorres Salinas, Aldo S. | ||
| 245 | 0 | _aContabilidad de Costos: | |
| 250 | _a3ra.ed. | ||
| 264 | _bMcGrawHill | ||
| 942 | _cLIB | ||
| 999 |
_c40592 _d40592 |
||